<?xml version="1.0" encoding="UTF-8"?>
<collection xmlns="http://www.loc.gov/MARC21/slim">
 <record>
  <leader>02126pamaa2200289   4500</leader>
  <controlfield tag="001">0000050820</controlfield>
  <controlfield tag="005">20150507090000.0</controlfield>
  <controlfield tag="008">121121s2013                             eng  </controlfield>
  <datafield tag="020" ind1="0" ind2="0">
   <subfield code="a">0273765736 / 9780273765738 (pbk.) </subfield>
  </datafield>
  <datafield tag="090" ind1="0" ind2="0">
   <subfield code="a">HG173 </subfield>
   <subfield code="b">MIS 2013</subfield>
  </datafield>
  <datafield tag="100" ind1="1" ind2="0">
   <subfield code="a">Mishkin </subfield>
  </datafield>
  <datafield tag="240" ind1="0" ind2="0">
   <subfield code="a">Economics of money, banking, and financial markets</subfield>
  </datafield>
  <datafield tag="245" ind1="1" ind2="4">
   <subfield code="a">The economics of money, banking, and financial markets  </subfield>
   <subfield code="c">Frederic S. Mishkin.</subfield>
  </datafield>
  <datafield tag="250" ind1="0" ind2="0">
   <subfield code="a">10th ed.</subfield>
  </datafield>
  <datafield tag="260" ind1="0" ind2="0">
   <subfield code="a">Boston: </subfield>
   <subfield code="b">Pearson/Addison-Wesley, </subfield>
   <subfield code="c">2013.</subfield>
  </datafield>
  <datafield tag="300" ind1=" " ind2=" ">
   <subfield code="a">726p.: </subfield>
   <subfield code="b">ill. (some col.); </subfield>
   <subfield code="c">26 cm.</subfield>
  </datafield>
  <datafield tag="440" ind1="0" ind2="4">
   <subfield code="a">The Pearson series in economics</subfield>
  </datafield>
  <datafield tag="501" ind1="0" ind2="0">
   <subfield code="a">BBDUH</subfield>
  </datafield>
  <datafield tag="501" ind1="0" ind2="0">
   <subfield code="a">BMAUH</subfield>
  </datafield>
  <datafield tag="501" ind1="0" ind2="0">
   <subfield code="a">BATUH</subfield>
  </datafield>
  <datafield tag="501" ind1="0" ind2="0">
   <subfield code="a">BFIUH</subfield>
  </datafield>
  <datafield tag="504" ind1="0" ind2="0">
   <subfield code="a">Includes bibliographical references and index</subfield>
  </datafield>
  <datafield tag="505" ind1="0" ind2="0">
   <subfield code="a">Why study money, banking, and financial markets? -- An overview of the financial system -- What is money? -- Financial markets -- Understanding interest rates -- The behavior of interest rates -- The risk and term structure of interest rates -- The stock market, the theory of rational expectations, and the efficient market hypothesis -- Financial institutions -- An economic analysis of financial structure -- Financial crises -- Banking and the management of financial institutions -- Economic analysis of financial regulation -- Banking industry : structure and competition -- Central banking and the conduct of monetary policy -- Central banks and the federal reserve system -- The money supply process -- The tools of monetary policy -- The conduct of monetary policy : strategy and tactics -- International finance and monetary policy -- The foreign exchange market -- The international financial system -- Monetary theory -- Quantity theory, inflation, and the demand for money -- The IS curve -- The monetary policy and aggregate demand curves -- Aggregate demand and supply analysis -- Monetary policy theory -- The role of expectations in monetary policy -- Transmission mechanisms of monetary policy -- Web chapter: the ISLM model</subfield>
  </datafield>
  <datafield tag="650" ind1="0" ind2="0">
   <subfield code="a">Money </subfield>
  </datafield>
  <datafield tag="650" ind1="0" ind2="0">
   <subfield code="a">Banks and banking </subfield>
  </datafield>
  <datafield tag="650" ind1="0" ind2="0">
   <subfield code="a">Finance </subfield>
  </datafield>
  <datafield tag="901" ind1=" " ind2=" ">
   <subfield code="u">http://www.pearson-book.com</subfield>
  </datafield>
 </record>
</collection>
